| 000 | 00735nam a2200241Ia 4500 | ||
|---|---|---|---|
| 003 | OSt | ||
| 005 | 20220928131220.0 | ||
| 006 | a|||||r|||| 00| 0 | ||
| 007 | ta | ||
| 008 | 220927b |||||||| |||| 00| 0 eng d | ||
| 024 | _a51136 | ||
| 037 | _cTextual | ||
| 040 |
_aSDCL _cSDCL _beng |
||
| 041 |
_2eng _aeng |
||
| 082 | _aO15,1B2, P9 | ||
| 100 |
_aChakravarty Kalyan Kumar Ed. _9477444 |
||
| 245 | 0 |
_aText and variations of the Mahabharata _b Contextual,regional and performance traditions. |
|
| 260 |
_aNew Delhi _bMunshiram Manoharlal _c2009 |
||
| 300 |
_axxiv,335p. _ccm. |
||
| 490 | _aSamiksika series. | ||
| 942 |
_hO15,1B2, P9 _cTEXL _2CC |
||
| 999 |
_c789958 _d789958 |
||